00586nam a2200145 a 450008200150000010000270001524500490004226000510009130000080014265000140015094200080016495201280017295201230030099900170042300a954.84 SHA aShah, Alison Mackenzie aConstructing a Capital on the Edge of Empire aPennsylvaniabUniversity of Pennsylvaniac2005 a395 aHyderabad cRRB 00104070aHMIbHMId2017-03-31eShah, Alison Mackenzieg100.00l0o954.84 SHA V.1p11001809r0000-00-00w2026-01-16yRRB 00104070aHMIbHMId2017-03-31eShah, Alison Mackenzieg100.00l0o954.84 SHAp11-1810r0000-00-00w2026-01-16yRRB c17819d17819